000 00520nam a2200181Ia 4500
999 _c14399
_d14399
003 OSt
005 20201016142031.0
008 190216s9999||||xx |||||||||||||| ||und||
020 _a9780195690668
040 _coclc
082 _a591.5
_bDAW/S
100 _aDawkins, Richard
_95829
245 4 _aThe Selfish Gene /
_cRichard Dawkins
260 _bOxford University Press ,
_aNew Delhi:
_c1989.
300 _a360p
650 _aEnglish-Literature
942 _cBK
_2ddc
_h591.5
_iDAW/S
_k591.5
_mDAW/S